| 000 | 00787nam a2200229 a 4500 | ||
|---|---|---|---|
| 001 | 3667 | ||
| 003 | CDMR | ||
| 005 | 20131113130045.0 | ||
| 008 | 130130s1984||||||||||||||||||||||||||||d | ||
| 020 | _a8450507383 | ||
| 040 |
_aCDMR _bcat _cCDMR |
||
| 100 | 1 |
_aFagoaga, Concha _92254 |
|
| 245 | 1 | 0 |
_aUmbral de presencia de las mujeres en la prensa española _cConcha Fagoaga y Petra María Secanella |
| 260 |
_aMadrid _c1984 _bMinisterio de Cultura. Instituto de la Mujer |
||
| 300 | _a63 p. | ||
| 490 | 0 |
_aEstudios (Instituto de la Mujer) _v1 |
|
| 650 | 0 | 4 |
_93818 _aMitjans de comunicació de massa i dones _zEspanya |
| 650 | 0 | 4 |
_94233 _aDones en el periodisme |
| 650 | 0 | 4 |
_93769 _aSexisme en els mitjans de comunicació de massa |
| 700 | 1 |
_9768 _aSecanella, Petra María |
|
| 942 |
_cMON _2udc |
||
| 999 |
_c3667 _d3667 |
||